ARTERIÁLNE ZÁSOBOVANIE ŠTÍTNEJ ŽĽAZY U KRÁLIKA

Bibliographic Details
Main Authors: Maženský, D. (Author), Petrovová, Eva, 1979- (Author), Vdoviaková, Katarína, 1979- (Author)
Format: Article
Language:Slovak

MARC

LEADER 00000naa a2200000uu 4500
001 vtls011092847
003 SK-MaSNL
005 20260302141006.0
008 210910|2009 xo |||||||||||||||||slo|
015 |a SNBRA 
035 |a (urnnbn)urn:nbn:sk:snk:ar-a0crvf 
035 |a (uuid)b82cb6fe-3a13-4e79-832e-c059f50489df 
035 |a urn:nbn:sk:snk-aavxk3 
040 |a SNKBUCL  |b slo  |c SNKBUCL  |e AACR2 
041 0 |a slo 
044 |a xo  |c SK 
100 1 |a Maženský, D.  |4 aut  |9 774721 
245 1 0 |a ARTERIÁLNE ZÁSOBOVANIE ŠTÍTNEJ ŽĽAZY U KRÁLIKA  |c D. Maženský, E. Petrovová, K. Vdoviaková 
700 1 |a Petrovová, Eva,  |d 1979-  |4 aut  |9 198361 
700 1 |a Vdoviaková, Katarína,  |d 1979-  |4 aut  |9 183466 
773 0 |t Martinský morfologický zborník 2009  |d Martin : Univerzita Komenského Jesseniova lekárska fakulta, 2009  |g S. 69-71  |z 9788088866664 
958 |a OND 
958 |a article12 
958 |a chapter 
999 |c 1333607  |d 1335537